<?xml version="1.0" encoding="UTF-8"?>
<record
    xmlns:xsi="http://www.w3.org/2001/XMLSchema-instance"
    xsi:schemaLocation="http://www.loc.gov/MARC21/slim http://www.loc.gov/standards/marcxml/schema/MARC21slim.xsd"
    xmlns="http://www.loc.gov/MARC21/slim">

  <leader>00510cam a22001697  4500</leader>
  <controlfield tag="001">ltf91042320 </controlfield>
  <controlfield tag="003">DLC</controlfield>
  <controlfield tag="005">20260227111553.0</controlfield>
  <controlfield tag="008">910412q19001959au            000 0 ger  </controlfield>
  <datafield tag="010" ind1=" " ind2=" ">
    <subfield code="a">ltf91042320 </subfield>
  </datafield>
  <datafield tag="040" ind1=" " ind2=" ">
    <subfield code="a">DLC</subfield>
    <subfield code="c">DLC</subfield>
    <subfield code="d">DLC</subfield>
  </datafield>
  <datafield tag="050" ind1="0" ind2="0">
    <subfield code="a">4ND 734</subfield>
  </datafield>
  <datafield tag="110" ind1="2" ind2=" ">
    <subfield code="a">K&#xFC;nstlerhaus Wien.</subfield>
  </datafield>
  <datafield tag="245" ind1="1" ind2="0">
    <subfield code="a">Ged&#xE4;chtnis-Ausstellung Heinrich Angeli. J&#xE4;nnner 1928,</subfield>
    <subfield code="b">K&#xFC;nstlerhaus.</subfield>
  </datafield>
  <datafield tag="260" ind1=" " ind2=" ">
    <subfield code="a">[Wien,</subfield>
    <subfield code="b">Verlag der Genossenschaft der bildenden K&#xFC;nstler Wiens (K&#xFC;nstlerhaus)</subfield>
    <subfield code="c">19  ]</subfield>
  </datafield>
  <datafield tag="300" ind1=" " ind2=" ">
    <subfield code="a">17 p.</subfield>
  </datafield>
  <datafield tag="999" ind1=" " ind2=" ">
    <subfield code="c">37576</subfield>
    <subfield code="d">37576</subfield>
  </datafield>
</record>
